000 00663nam a2200229Ia 4500
003 OSt
005 20230518151805.0
008 210423s2011 xx 000 0 und d
020 _a978-81-316-0433-5
040 _cAL
041 _aeng
082 _a302.23
_223
_b BANV
100 _aBANDE (Usha);KAUSHAL (Anshu) Ed
_9108669
245 _aViolence in media and society: literature film and TV
260 _aNew Delhi
_bRawat Publications
_c2011
300 _a224
_bHB
365 _b595
_cINR
650 _aCommunication
_9108670
650 _aSocial Interaction
_9108671
906 _afilm ; literature ; media ; society: ; TV ; Violence
942 _2ddc
_cBK
999 _c166744
_d166744